[Event "4NCL"]
[Site "De Vere, Staverton Park, ENG"]
[Date "2010.11.06"]
[Round "1.36"]
[White "Ireland, David J"]
[Black "Fishburne, Stewart K"]
[Result "1/2-1/2"]
[WhiteElo "2019"]
[BlackElo "2093"]
[PlyCount "50"]
[EventDate "2010.??.??"]
[WhiteTeam "e2e4.org.uk 3"]
[BlackTeam "Warwickshire Select 2"]

1. d4 g6 2. c4 Bg7 3. e4 d6 4. Nc3 Nd7 5. Nf3 e5 6. Be2 Ne7 7. O-O O-O 8. Be3
h6 9. dxe5 dxe5 10. Qd2 Kh7 11. Rfd1 f5 12. Ne1 fxe4 13. Nxe4 Qe8 14. Bf3 Nf5
15. Nc2 Qe7 16. b4 c6 17. Rab1 Nxe3 18. Nxe3 Nf6 19. Qd6 Qf7 20. Nxf6+ Bxf6 21.
Bg4 Bg7 22. f3 Bxg4 23. Nxg4 Qxc4 24. Nxe5 Bxe5 25. Qxe5 Rf7 1/2-1/2

[Event "4NCL"]
[Site "De Vere, Staverton Park, ENG"]
[Date "2010.11.06"]
[Round "1.36"]
[White "Hunt, Malcolm A"]
[Black "Flynn, David"]
[Result "1-0"]
[WhiteElo "2076"]
[BlackElo "2061"]
[PlyCount "51"]
[EventDate "2010.??.??"]
[WhiteTeam "Warwickshire Select 2"]
[BlackTeam "e2e4.org.uk 3"]

1. d4 Nf6 2. Nf3 g6 3. Bf4 Bg7 4. h3 d5 5. e3 c5 6. c3 Nc6 7. Be2 O-O 8. O-O
Nd7 9. Nbd2 e5 10. dxe5 Ndxe5 11. Nxe5 Nxe5 12. Nf3 Nc6 13. Qb3 Na5 14. Qb5 b6
15. Rad1 Bb7 16. b4 Bc6 17. Qd3 Nc4 18. Qc2 Na3 19. Qb3 Nb5 20. Be5 c4 21. Qb2
f6 22. Bg3 Qe7 23. a4 Nd6 24. Bxd6 Qxd6 25. Bxc4 Bxa4 26. Rxd5 1-0

[Event "4NCL"]
[Site "De Vere, Staverton Park, ENG"]
[Date "2010.11.06"]
[Round "1.36"]
[White "van der Westhuizen, Charles V"]
[Black "Fallowfield, Jeremy"]
[Result "1/2-1/2"]
[WhiteElo "1891"]
[BlackElo "2044"]
[PlyCount "40"]
[EventDate "2010.??.??"]
[WhiteTeam "e2e4.org.uk 3"]
[BlackTeam "Warwickshire Select 2"]

1. d4 Nf6 2. c4 c5 3. Nf3 cxd4 4. Nxd4 e5 5. Nf3 Nc6 6. Nc3 Bb4 7. a3 Bxc3+ 8.
bxc3 Qa5 9. Bd2 Ne4 10. Qc2 Nxd2 11. Nxd2 d6 12. e4 O-O 13. Bd3 Be6 14. O-O
Rac8 15. Rfb1 Qc7 16. Nf1 Na5 17. Ne3 b6 18. Rb5 Qd7 19. Rd1 Rc6 20. Qe2 Nb7
1/2-1/2

[Event "4NCL"]
[Site "De Vere, Staverton Park, ENG"]
[Date "2010.11.06"]
[Round "1.36"]
[White "Cooper, David M"]
[Black "Webster, Richard J"]
[Result "1/2-1/2"]
[WhiteElo "2073"]
[BlackElo "1956"]
[PlyCount "45"]
[EventDate "2010.??.??"]
[WhiteTeam "Warwickshire Select 2"]
[BlackTeam "e2e4.org.uk 3"]

1. e4 e6 2. d4 d5 3. Nc3 Nf6 4. e5 Nfd7 5. Nf3 c5 6. dxc5 Nc6 7. Bf4 Bxc5 8.
Bd3 a6 9. O-O b5 10. a3 Bb7 11. Re1 Rc8 12. Bg3 O-O 13. Qd2 Re8 14. Qf4 f6 15.
exf6 Qxf6 16. Qg4 Nd4 17. Ne5 Qe7 18. Bh4 Nxe5 19. Rxe5 Qf7 20. Rae1 Nf5 21.
Nd1 Bd6 22. R5e2 g6 23. Bg5 1/2-1/2

[Event "4NCL"]
[Site "De Vere, Staverton Park, ENG"]
[Date "2010.11.06"]
[Round "1.36"]
[White "Burke, Steven J"]
[Black "Agnew, Alan"]
[Result "1/2-1/2"]
[WhiteElo "1970"]
[BlackElo "2074"]
[PlyCount "43"]
[EventDate "2010.??.??"]
[WhiteTeam "e2e4.org.uk 3"]
[BlackTeam "Warwickshire Select 2"]

1. f4 g6 2. Nf3 Bg7 3. g3 d5 4. Bg2 Nf6 5. d3 O-O 6. O-O c5 7. c3 Nc6 8. Na3
Re8 9. Nh4 e5 10. f5 e4 11. Bg5 e3 12. fxg6 hxg6 13. Qb3 Be6 14. Qxb7 Rc8 15.
Qb5 Ne5 16. Qa4 Neg4 17. Qf4 Nh5 18. Bxd8 Nxf4 19. gxf4 Rcxd8 20. f5 gxf5 21.
Nxf5 Be5 22. d4 1/2-1/2

[Event "4NCL"]
[Site "De Vere, Staverton Park, ENG"]
[Date "2010.11.06"]
[Round "1.36"]
[White "Stepanyan, Henrik"]
[Black "Livesey, R Nigel"]
[Result "1-0"]
[WhiteElo "1915"]
[BlackElo "1880"]
[PlyCount "43"]
[EventDate "2010.??.??"]
[WhiteTeam "Warwickshire Select 2"]
[BlackTeam "e2e4.org.uk 3"]

1. c4 e5 2. Nc3 Nc6 3. Nf3 g6 4. d4 exd4 5. Nxd4 Bg7 6. Be3 Nge7 7. g3 O-O 8.
Bg2 d6 9. Qd2 Bd7 10. Nxc6 Bxc6 11. Bxc6 bxc6 12. Bh6 Re8 13. h4 Bxh6 14. Qxh6
Nf5 15. Qd2 h5 16. g4 Nxh4 17. O-O-O hxg4 18. Qh6 g5 19. f4 gxf3 20. Rxh4 f6
21. Qg6+ Kf8 22. Rh7 1-0

[Event "4NCL"]
[Site "De Vere, Staverton Park, ENG"]
[Date "2010.11.06"]
[Round "1.37"]
[White "Hadi, Justin"]
[Black "Williamson, Kevin J"]
[Result "1-0"]
[WhiteElo "2043"]
[BlackElo "2065"]
[PlyCount "67"]
[EventDate "2010.??.??"]
[WhiteTeam "Oxford 3"]
[BlackTeam "FCA Solutions 2"]

1. e4 d5 2. exd5 Qxd5 3. Nc3 Qd6 4. d4 g6 5. Bd3 Bg7 6. Nge2 Nf6 7. Bf4 Qb6 8.
Qd2 O-O 9. O-O-O c5 10. dxc5 Qxc5 11. Be3 Qa5 12. Bh6 Nc6 13. Bxg7 Kxg7 14. Kb1
Rd8 15. Nc1 Be6 16. h4 Rac8 17. f3 Nb4 18. a3 Nxd3 19. Nxd3 Nd5 20. Ne4 Qb6 21.
h5 Ne3 22. hxg6 h6 23. Nec5 Rxd3 24. Nxe6+ fxe6 25. Qxd3 Nxd1 26. Rxd1 Rc5 27.
Qd7 Kxg6 28. Qe8+ Kf6 29. Qh8+ Kg6 30. g4 Qc7 31. Rh1 Rxc2 32. Qxh6+ Kf7 33.
Qh7+ Ke8 34. Qxc2 1-0

[Event "4NCL"]
[Site "De Vere, Staverton Park, ENG"]
[Date "2010.11.06"]
[Round "1.37"]
[White "Elwin, Adrian G"]
[Black "Neatherway, A Philip"]
[Result "1-0"]
[WhiteElo "1990"]
[BlackElo "1930"]
[PlyCount "73"]
[EventDate "2010.??.??"]
[WhiteTeam "FCA Solutions 2"]
[BlackTeam "Oxford 3"]

1. d4 d5 2. c4 dxc4 3. e4 e5 4. d5 Nf6 5. Nc3 Bc5 6. Bg5 h6 7. Bh4 O-O 8. Bxc4
c6 9. Bxf6 Qxf6 10. Qf3 Qg6 11. Qg3 Kh7 12. Nf3 Nd7 13. Qxg6+ Kxg6 14. dxc6
bxc6 15. Rd1 f6 16. Be2 Nb6 17. Nh4+ Kh7 18. Bh5 Be6 19. Bg6+ Kg8 20. O-O Rfd8
21. h3 Nc4 22. Na4 Bd4 23. Rc1 Rac8 24. b3 Nb6 25. Nc5 Bxc5 26. Rxc5 Nd7 27.
Rc3 c5 28. Rd1 c4 29. Bf5 Bxf5 30. Nxf5 Nb6 31. Rxd8+ Rxd8 32. bxc4 Rd1+ 33.
Kh2 Rd2 34. c5 Nc8 35. Rb3 Rd7 36. Rb8 Rc7 37. Rxc8+ 1-0

[Event "4NCL"]
[Site "De Vere, Staverton Park, ENG"]
[Date "2010.11.06"]
[Round "1.37"]
[White "Terry, Sean"]
[Black "Valentine, Brian J"]
[Result "0-1"]
[WhiteElo "1869"]
[BlackElo "1981"]
[PlyCount "90"]
[EventDate "2010.??.??"]
[WhiteTeam "Oxford 3"]
[BlackTeam "FCA Solutions 2"]

1. Nf3 Nf6 2. d4 g6 3. Nc3 d5 4. Bf4 c6 5. h3 Bg7 6. e3 O-O 7. Be2 Nbd7 8. O-O
Re8 9. Ne5 e6 10. b4 Bf8 11. Rb1 Nxe5 12. dxe5 Nd7 13. Bg3 c5 14. a3 a6 15. f4
Nb6 16. Qd2 Bd7 17. e4 Bc6 18. exd5 Nxd5 19. Nxd5 Qxd5 20. Qxd5 Bxd5 21. Bf2
cxb4 22. axb4 Rec8 23. Rb2 Be4 24. Bd3 Bxd3 25. cxd3 Rc3 26. Rd1 Rac8 27. Be1
Rc2 28. Rxc2 Rxc2 29. Rb1 Be7 30. Bf2 Kg7 31. Be1 g5 32. b5 gxf4 33. bxa6 bxa6
34. Ra1 Bc5+ 35. Kh1 Bd4 36. Rd1 Bxe5 37. d4 Bf6 38. Ba5 Ra2 39. Be1 a5 40. Bc3
a4 41. Rf1 Rc2 42. Ba1 Rd2 43. Bc3 Rd3 44. Rf3 Rd1+ 45. Kh2 Bxd4 0-1

[Event "4NCL"]
[Site "De Vere, Staverton Park, ENG"]
[Date "2010.11.06"]
[Round "1.37"]
[White "Adebajo, Olufemi"]
[Black "Mate, Maria"]
[Result "1-0"]
[WhiteElo "1971"]
[BlackElo "1818"]
[PlyCount "57"]
[EventDate "2010.??.??"]
[WhiteTeam "FCA Solutions 2"]
[BlackTeam "Oxford 3"]

1. e4 e5 2. Nf3 Nc6 3. Nc3 Nf6 4. g3 a6 5. Bg2 Be7 6. O-O O-O 7. d3 d5 8. exd5
Nxd5 9. Nxd5 Qxd5 10. a3 Qd6 11. Qe2 Bf6 12. Rd1 Nd4 13. Nxd4 exd4 14. Bf4 Qd8
15. Re1 Rb8 16. h4 Be6 17. b3 Qd7 18. Qh5 Rfc8 19. Be4 g6 20. Qf3 Be7 21. Bxb7
Rxb7 22. Qxb7 Bd5 23. Rxe7 Qf5 24. Qxa6 Qh3 25. Re4 Be6 26. Rae1 Bg4 27. Qf6 h5
28. Re8+ Kh7 29. Qxf7# 1-0

[Event "4NCL"]
[Site "De Vere, Staverton Park, ENG"]
[Date "2010.11.06"]
[Round "1.37"]
[White "Langham, Rod E"]
[Black "Grainger, Benjamin P"]
[Result "1/2-1/2"]
[WhiteElo "1802"]
[BlackElo "1802"]
[PlyCount "131"]
[EventDate "2010.??.??"]
[WhiteTeam "Oxford 3"]
[BlackTeam "FCA Solutions 2"]

1. d4 g6 2. Nf3 Bg7 3. Bg5 Nf6 4. Nbd2 d6 5. Bxf6 Bxf6 6. e3 Nd7 7. Bc4 h6 8.
c3 c6 9. O-O e5 10. dxe5 Nxe5 11. Nxe5 Bxe5 12. Nf3 Bg7 13. h3 d5 14. Bd3 f5
15. Re1 Be6 16. Nd4 Qd7 17. Qa4 Bxd4 18. exd4 Kf7 19. Re5 Rhe8 20. Rae1 b5 21.
Qc2 Re7 22. b4 Rae8 23. f4 Kf8 24. Qf2 Kg7 25. Qh4 Rf7 26. Qg3 Rf6 27. R1e3 h5
28. Qg5 Qf7 29. Be2 Rh8 30. h4 Rh7 31. Rg3 Kf8 32. Rge3 Kg7 33. Qg3 Rh8 34. Qe1
Re8 35. Bd1 Kf8 36. Qg3 Ke7 37. Qg5 Kd7 38. a4 a6 39. Qg3 Kc7 40. Qf2 Kd6 41.
Re2 Qc7 42. a5 Rff8 43. R2e3 Qf7 44. Rg3 Qf6 45. Rg5 Bf7 46. Kh2 Re6 47. Kh3
Rfe8 48. Rg3 Qe7 49. Rge3 Qf6 50. Qg3 R6e7 51. Rxe7 Rxe7 52. Re5 Kd7 53. Qe3
Be6 54. g3 Bf7 55. Kg2 Be6 56. Kf2 Bf7 57. Ke1 Be6 58. Kd2 Bf7 59. Rxe7+ Qxe7
60. Qe5 Qxe5 61. dxe5 Be6 62. Ke3 Kc7 63. Kd4 Kd7 64. Kc5 Kc7 65. Be2 Bf7 66.
Bd3 1/2-1/2

[Event "4NCL"]
[Site "De Vere, Staverton Park, ENG"]
[Date "2010.11.06"]
[Round "1.37"]
[White "Shields, Callum T"]
[Black "Henbest, Kevin B"]
[Result "0-1"]
[WhiteElo "1434"]
[BlackElo "1740"]
[PlyCount "88"]
[EventDate "2010.??.??"]
[WhiteTeam "FCA Solutions 2"]
[BlackTeam "Oxford 3"]

1. d4 Nf6 2. Nc3 d5 3. h3 e6 4. a3 c5 5. e3 a6 6. b4 cxb4 7. axb4 Bxb4 8. Bd2
Bxc3 9. Bxc3 Bd7 10. Bb4 Nc6 11. Bc5 Ne4 12. Qg4 Qf6 13. Qf4 Qxf4 14. exf4 Nxc5
15. dxc5 Nd4 16. Bd3 Bb5 17. Bxb5+ Nxb5 18. Nf3 Rc8 19. O-O O-O 20. g4 Rxc5 21.
Ne5 Rd8 22. Rac1 f6 23. c4 Nd4 24. Rfe1 fxe5 25. Kg2 exf4 26. Rb1 Rd7 27. h4
dxc4 28. Re4 c3 29. h5 c2 30. Rc1 f3+ 31. Kh3 e5 32. g5 Ne2 33. Rxc2 Rxc2 34.
Rxe5 Nf4+ 35. Kg4 Rf7 36. h6 Rc8 37. hxg7 Kxg7 38. g6 hxg6 39. Kg3 Nd3 40. Re4
Rc2 41. Kh4 Rxf2 42. Kh3 Rg2 43. Rd4 Kf6 44. Rxd3 Rh7# 0-1

[Event "4NCL"]
[Site "De Vere, Staverton Park, ENG"]
[Date "2010.11.06"]
[Round "1.38"]
[White "Adams, Mark A"]
[Black "Pugh, Glyn D"]
[Result "1/2-1/2"]
[WhiteElo "2040"]
[BlackElo "1994"]
[PlyCount "35"]
[EventDate "2010.??.??"]
[WhiteTeam "The Full Ponty"]
[BlackTeam "Halesowen"]

1. e4 e6 2. d4 d5 3. Nc3 Bb4 4. exd5 exd5 5. Bd3 Nf6 6. Nge2 c5 7. dxc5 Bxc5 8.
h3 O-O 9. O-O a6 10. Nf4 Be6 11. Na4 Bd6 12. Nxe6 fxe6 13. c4 Nbd7 14. Be3 Kh8
15. c5 Bc7 16. Rc1 Ne5 17. Be2 Rb8 18. Qb3 1/2-1/2

[Event "4NCL"]
[Site "De Vere, Staverton Park, ENG"]
[Date "2010.11.06"]
[Round "1.38"]
[White "Lee, Darren"]
[Black "Sully, David J"]
[Result "1/2-1/2"]
[WhiteElo "1887"]
[BlackElo "2106"]
[PlyCount "81"]
[EventDate "2010.??.??"]
[WhiteTeam "Halesowen"]
[BlackTeam "The Full Ponty"]

1. d4 e6 2. c4 Nf6 3. Nc3 Bb4 4. Qc2 d5 5. a3 Bxc3+ 6. Qxc3 Ne4 7. Qc2 c5 8.
dxc5 Nc6 9. cxd5 exd5 10. e3 Bf5 11. Bd3 Qa5+ 12. b4 Nxb4 13. axb4 Qxa1 14. Ne2
O-O 15. Nd4 Ng3 16. Nb3 Qa4 17. hxg3 Bxd3 18. Qxd3 Qxb4+ 19. Bd2 Qe4 20. Ke2 b6
21. c6 a5 22. Qxe4 dxe4 23. Nd4 Rfc8 24. Rc1 Kf8 25. Nb5 Ke7 26. Rc2 f5 27. Bc1
g6 28. Bb2 a4 29. Ba3+ Ke6 30. c7 Kd7 31. Bb4 a3 32. Bxa3 Ra5 33. Rd2+ Kc6 34.
Rd8 Rxc7 35. Nxc7 Kxc7 36. Be7 Ra1 37. Rd1 Ra2+ 38. Rd2 Ra1 39. f3 Ra4 40. g4
exf3+ 41. gxf3 1/2-1/2

[Event "4NCL"]
[Site "De Vere, Staverton Park, ENG"]
[Date "2010.11.06"]
[Round "1.38"]
[White "Davis, Lee"]
[Black "Doran, Michael J"]
[Result "0-1"]
[WhiteElo "1974"]
[BlackElo "1870"]
[PlyCount "92"]
[EventDate "2010.??.??"]
[WhiteTeam "The Full Ponty"]
[BlackTeam "Halesowen"]

1. d4 e6 2. g3 c5 3. Nf3 cxd4 4. Nxd4 Nf6 5. Bg2 Qb6 6. Nb3 Nc6 7. Be3 Qc7 8.
O-O Be7 9. c4 Ng4 10. Bd2 b6 11. Nc3 Bb7 12. Nb5 Qb8 13. Rc1 O-O 14. Bc3 a6 15.
N5d4 Nb4 16. e4 Nf6 17. e5 Ne4 18. Bxb4 Bxb4 19. Nc2 Bc5 20. Nxc5 Nxc5 21. b4
Bxg2 22. Kxg2 Qb7+ 23. f3 Na4 24. Nd4 b5 25. cxb5 axb5 26. Qb3 Qb6 27. Rfd1
Rfc8 28. Rc2 Qa6 29. Rdc1 Rxc2+ 30. Rxc2 Nb6 31. Qd3 Nc4 32. Nxb5 Nxe5 33. Qe4
d5 34. Qxe5 Qxb5 35. Qd6 h6 36. Qe7 Qd3 37. Qc5 Ra3 38. Qf2 Rc3 39. Rb2 Qb5 40.
Qd2 Rc4 41. Qd3 e5 42. Qb3 e4 43. a3 Rc1 44. Rf2 Qd3 45. Qa2 e3 46. Re2 Rd1 0-1

[Event "4NCL"]
[Site "De Vere, Staverton Park, ENG"]
[Date "2010.11.06"]
[Round "1.38"]
[White "Perrett, David C"]
[Black "Peck, Windsor WA"]
[Result "0-1"]
[WhiteElo "1961"]
[BlackElo "1831"]
[PlyCount "71"]
[EventDate "2010.??.??"]
[WhiteTeam "The Full Ponty"]
[BlackTeam "Halesowen"]

1. d4 d5 2. Bg5 c6 3. e3 Nd7 4. Bd3 Qb6 5. Qc1 Ngf6 6. Nd2 e6 7. Ngf3 Bd6 8.
O-O O-O 9. c4 c5 10. Qc2 h6 11. Bxf6 Nxf6 12. b4 Qxb4 13. Rab1 Qa5 14. cxd5
exd5 15. Nb3 Qd8 16. dxc5 Bc7 17. Nbd4 a6 18. Rfc1 Qe7 19. Bf5 Rd8 20. g3 Rb8
21. Qa4 Bxf5 22. Nxf5 Qe4 23. N5d4 g6 24. c6 b5 25. Qxa6 Rb6 26. Qa3 Rdb8 27.
Qc5 Ne8 28. Nd2 Qe5 29. Qc2 Qd6 30. Rb3 Bd8 31. N2f3 Nc7 32. Rcb1 Bf6 33. a4 b4
34. Qd2 Qc5 35. Kg2 Be7 36. Ne5 0-1

[Event "4NCL"]
[Site "De Vere, Staverton Park, ENG"]
[Date "2010.11.06"]
[Round "1.38"]
[White "Asbury, Jon A"]
[Black "Roberts, Lynda"]
[Result "0-1"]
[WhiteElo "1794"]
[BlackElo "1999"]
[PlyCount "102"]
[EventDate "2010.??.??"]
[WhiteTeam "Halesowen"]
[BlackTeam "The Full Ponty"]

1. d4 f5 2. e4 d6 3. Bd3 fxe4 4. Bxe4 Nf6 5. Bd3 g6 6. Bg5 Bg7 7. Nf3 O-O 8.
O-O e6 9. Qd2 Nc6 10. c4 Ne7 11. Nc3 Bd7 12. Rfe1 Nf5 13. Bxf5 exf5 14. Nd5 Rf7
15. Nxf6+ Bxf6 16. Bxf6 Qxf6 17. d5 f4 18. Nd4 Raf8 19. Ne6 Bxe6 20. Rxe6 Qf5
21. f3 g5 22. Rae1 g4 23. Qe2 Rg7 24. Kh1 Kh8 25. Qe4 gxf3 26. Qxf3 Rfg8 27.
Re8 Qg6 28. Rxg8+ Kxg8 29. Qe4 Qxe4 30. Rxe4 Rf7 31. Kg1 Kg7 32. Kf2 Kg6 33.
Kf3 Kg5 34. h4+ Kxh4 35. Rxf4+ Rxf4+ 36. Kxf4 h5 37. g3+ Kh3 38. Kg5 Kxg3 39.
Kxh5 Kf4 40. Kg6 Ke5 41. Kf7 c6 42. dxc6 bxc6 43. Ke7 d5 44. c5 d4 45. Kd7 d3
46. Kxc6 d2 47. Kb7 d1=Q 48. c6 Qd5 49. Kc7 Qxa2 50. Kc8 Qxb2 51. c7 Kd6 0-1

[Event "4NCL"]
[Site "De Vere, Staverton Park, ENG"]
[Date "2010.11.06"]
[Round "1.39"]
[White "Taylor, Dale C"]
[Black "Graham, David B"]
[Result "1/2-1/2"]
[WhiteElo "1905"]
[BlackElo "2205"]
[PlyCount "62"]
[EventDate "2010.??.??"]
[WhiteTeam "Guildford A&DC 4"]
[BlackTeam "Sussex Smart Controls"]

1. Nf3 Nf6 2. c4 g6 3. Nc3 Bg7 4. g3 O-O 5. Bg2 d6 6. O-O c5 7. d4 Nc6 8. h3
cxd4 9. Nxd4 Nxd4 10. Qxd4 Be6 11. Qd3 Qc8 12. b3 Bxh3 13. Bb2 Bxg2 14. Kxg2
Qc6+ 15. f3 Rfe8 16. e4 Nd7 17. Qd2 Rad8 18. Rh1 e6 19. Rad1 Nf8 20. Ne2 Bxb2
21. Qxb2 Qc5 22. Nf4 b5 23. cxb5 Qxb5 24. Rd2 Qe5 25. Rhd1 Rc8 26. Nd3 Qxb2 27.
Nxb2 d5 28. exd5 exd5 29. Kf2 Red8 30. Nc4 Rc5 31. Ne3 d4 1/2-1/2

[Event "4NCL"]
[Site "De Vere, Staverton Park, ENG"]
[Date "2010.11.06"]
[Round "1.39"]
[White "Grant, David J"]
[Black "Taylor, Adam A"]
[Result "1/2-1/2"]
[WhiteElo "2095"]
[BlackElo "1821"]
[PlyCount "81"]
[EventDate "2010.??.??"]
[WhiteTeam "Sussex Smart Controls"]
[BlackTeam "Guildford A&DC 4"]

1. e4 c5 2. Nf3 Nc6 3. d4 cxd4 4. Nxd4 Nf6 5. Nc3 e5 6. Ndb5 d6 7. Bg5 a6 8.
Na3 b5 9. Bxf6 gxf6 10. Nd5 f5 11. c3 Bg7 12. exf5 Bxf5 13. Nc2 Be6 14. Nce3
Ne7 15. a4 Nxd5 16. Nxd5 O-O 17. Be2 e4 18. axb5 axb5 19. Rxa8 Qxa8 20. Nb4 e3
21. O-O exf2+ 22. Rxf2 Bc4 23. Bf3 Qb8 24. Nc6 Qc7 25. Qd2 Re8 26. h3 Qb6 27.
g3 Re6 28. Qg5 h6 29. Qf5 d5 30. Nd4 Bxd4 31. cxd4 Qxd4 32. Bh5 Re1+ 33. Kh2
Re7 34. Bxf7+ Kh8 35. Bxd5 Bxd5 36. Qf8+ Bg8 37. Qxh6+ Rh7 38. Qf6+ Qxf6 39.
Rxf6 Rc7 40. Rf2 Bc4 41. g4 1/2-1/2

[Event "4NCL"]
[Site "De Vere, Staverton Park, ENG"]
[Date "2010.11.06"]
[Round "1.39"]
[White "Waldock, Adrian DP"]
[Black "Bucher, Grant W"]
[Result "0-1"]
[WhiteElo "1794"]
[BlackElo "2023"]
[PlyCount "80"]
[EventDate "2010.??.??"]
[WhiteTeam "Guildford A&DC 4"]
[BlackTeam "Sussex Smart Controls"]

1. d4 Nf6 2. Nf3 g6 3. c4 Bg7 4. Nc3 d5 5. Bf4 O-O 6. e3 c5 7. Bd3 Nc6 8. O-O
cxd4 9. exd4 Bg4 10. Be2 Rc8 11. h3 Bxf3 12. Bxf3 dxc4 13. d5 Nb4 14. d6 Nd3
15. dxe7 Qxe7 16. Qd2 Nxf4 17. Qxf4 Qb4 18. Rab1 Rfe8 19. Rfc1 b5 20. Bb7 Nh5
21. Qf3 Rcd8 22. Qc6 Re6 23. Qc7 Qd6 24. Qxd6 Rexd6 25. Bf3 a6 26. Ne4 Rd4 27.
Bxh5 Rxe4 28. Bf3 Red4 29. b3 cxb3 30. axb3 Rd2 31. Rd1 Kf8 32. Rxd2 Rxd2 33.
Rd1 Rxd1+ 34. Bxd1 Ke7 35. Bf3 Kd6 36. Kf1 Kc5 37. Bb7 a5 38. Ke2 a4 39. bxa4
bxa4 40. Kd3 a3 0-1

[Event "4NCL"]
[Site "De Vere, Staverton Park, ENG"]
[Date "2010.11.06"]
[Round "1.39"]
[White "Michaud, Gerald"]
[Black "Ward, Matthew J"]
[Result "1/2-1/2"]
[WhiteElo "1986"]
[BlackElo "1787"]
[PlyCount "88"]
[EventDate "2010.??.??"]
[WhiteTeam "Sussex Smart Controls"]
[BlackTeam "Guildford A&DC 4"]

1. d4 Nf6 2. Nf3 d5 3. c4 c6 4. Nc3 e6 5. e3 Nbd7 6. Bd3 dxc4 7. Bxc4 b5 8. Be2
a6 9. O-O Bb7 10. a3 c5 11. dxc5 Bxc5 12. b4 Be7 13. Qb3 Nd5 14. Bb2 O-O 15.
Rfd1 Rc8 16. Rac1 Bf6 17. Nb1 Qb6 18. Rxc8 Rxc8 19. Bd4 Qc7 20. Bxf6 N7xf6 21.
h3 h6 22. Nd4 Nb6 23. Nd2 Bd5 24. Qb2 Na4 25. Qa1 e5 26. N4b3 Qc2 27. Rc1 Qf5
28. Rxc8+ Qxc8 29. Bf3 e4 30. Bd1 Qc7 31. Qc1 Qxc1 32. Nxc1 Nc3 33. Bb3 Bc6 34.
Na2 Nxa2 35. Bxa2 Kf8 36. Kf1 Ke7 37. Ke1 Nd7 38. Bb1 f5 39. Nb3 Bd5 40. Nd4
Kf6 41. Bc2 Nb6 42. g3 g5 43. Bd1 Ke5 44. Be2 f4 1/2-1/2

[Event "4NCL"]
[Site "De Vere, Staverton Park, ENG"]
[Date "2010.11.06"]
[Round "1.39"]
[White "Gunn, Michael J"]
[Black "Fryer, David W"]
[Result "1/2-1/2"]
[WhiteElo "1781"]
[BlackElo "2056"]
[PlyCount "87"]
[EventDate "2010.??.??"]
[WhiteTeam "Guildford A&DC 4"]
[BlackTeam "Sussex Smart Controls"]

1. d4 Nf6 2. Nf3 g6 3. Nc3 d5 4. Bf4 Bg7 5. Qd2 O-O 6. Bh6 c5 7. Bxg7 Kxg7 8.
e3 e6 9. Be2 a6 10. a4 c4 11. O-O Nc6 12. b3 cxb3 13. cxb3 Qe7 14. Na2 Bd7 15.
Rfb1 Rfc8 16. b4 Ne4 17. Qb2 Nd8 18. b5 a5 19. Rc1 f6 20. Nc3 Nxc3 21. Rxc3 b6
22. Rac1 Rxc3 23. Rxc3 Rc8 24. Rxc8 Bxc8 25. Qc2 Bb7 26. Qc3 Kf8 27. g3 Ke8 28.
Ne1 Nf7 29. Nd3 Qd7 30. Bg4 Nd6 31. Nf4 f5 32. Bd1 Qc8 33. Qxc8+ Bxc8 34. h4
Ke7 35. Bb3 Bd7 36. Kf1 Be8 37. Ke2 h6 38. Nd3 Ne4 39. Ne5 g5 40. hxg5 hxg5 41.
Bc2 Bh5+ 42. Ke1 Kd6 43. Bxe4 dxe4 44. Kd2 1/2-1/2

[Event "4NCL"]
[Site "De Vere, Staverton Park, ENG"]
[Date "2010.11.06"]
[Round "1.39"]
[White "Hoare, Amy B"]
[Black "Yiamakis, Albert"]
[Result "1-0"]
[WhiteElo "1920"]
[BlackElo "1736"]
[PlyCount "91"]
[EventDate "2010.??.??"]
[WhiteTeam "Sussex Smart Controls"]
[BlackTeam "Guildford A&DC 4"]

1. e4 c5 2. c3 b6 3. d4 Bb7 4. Bd3 Nf6 5. Qe2 Nc6 6. Nf3 cxd4 7. Nxd4 Ne5 8.
Bc2 Qc8 9. O-O Ba6 10. Nb5 Nc4 11. a4 e6 12. e5 Nd5 13. Bd3 Bxb5 14. axb5 Na5
15. Bc2 Be7 16. Nd2 O-O 17. Be4 Qc7 18. c4 Nf4 19. Qf3 Qxe5 20. Bxa8 d5 21. Bc6
Bd6 22. g3 Ne2+ 23. Kg2 Nd4 24. Qd3 f5 25. Nf3 Nxf3 26. Qxf3 Qf6 27. cxd5 e5
28. Bd2 e4 29. Qe3 Nc4 30. Qc3 Nxd2 31. Qxd2 f4 32. Qd1 Qf5 33. Rxa7 f3+ 34.
Kh1 Qh3 35. Rg1 e3 36. Qf1 Qg4 37. Bd7 Qe4 38. Be6+ Kh8 39. Qb1 Qd4 40. Rd1 Qb4
41. fxe3 Qxb5 42. Bf5 Qe2 43. Qc2 Qxe3 44. Qc3 Qg5 45. Qxf3 h5 46. Rf1 1-0

[Event "4NCL"]
[Site "De Vere, Staverton Park, ENG"]
[Date "2010.11.06"]
[Round "1.40"]
[White "Coates, David H"]
[Black "Piper, Stephen J"]
[Result "0-1"]
[WhiteElo "2068"]
[BlackElo "2106"]
[PlyCount "68"]
[EventDate "2010.??.??"]
[WhiteTeam "e2e4.org.uk 2"]
[BlackTeam "The Rookies"]

1. d4 Nf6 2. c4 e6 3. Nc3 d5 4. cxd5 exd5 5. Bg5 Be7 6. e3 O-O 7. Bd3 Nbd7 8.
Qc2 h6 9. Bh4 b6 10. Nge2 Bb7 11. O-O Ne8 12. Bxe7 Qxe7 13. Nf4 Ndf6 14. Rae1
Nd6 15. Nb5 c6 16. Nxd6 Qxd6 17. Be2 Rfc8 18. Nd3 Rc7 19. b4 Ba6 20. a3 Bc4 21.
Qb2 b5 22. Nc5 a5 23. Bxc4 dxc4 24. a4 Nd7 25. axb5 cxb5 26. Ra1 Nxc5 27. bxc5
Qa6 28. Rfd1 b4 29. Rdc1 Qb5 30. Qc2 c3 31. Qe4 Rb8 32. Qe5 Rbc8 33. Rab1 Qc4
34. Qf4 b3 0-1

[Event "4NCL"]
[Site "De Vere, Staverton Park, ENG"]
[Date "2010.11.06"]
[Round "1.40"]
[White "Jones, Christopher M"]
[Black "McIntyre, Paul"]
[Result "1/2-1/2"]
[WhiteElo "2024"]
[BlackElo "2119"]
[PlyCount "80"]
[EventDate "2010.??.??"]
[WhiteTeam "The Rookies"]
[BlackTeam "e2e4.org.uk 2"]

1. e4 c5 2. Nf3 d6 3. d4 cxd4 4. Nxd4 Nf6 5. Nc3 a6 6. Bg5 Nc6 7. Bc4 Qa5 8.
Bxf6 gxf6 9. Nb3 Qg5 10. g3 Bg4 11. Be2 Bxe2 12. Qxe2 h5 13. f4 Qg4 14. Nd5
Qxe2+ 15. Kxe2 Rc8 16. c3 e6 17. Ne3 Bh6 18. Rad1 Ke7 19. Nd4 h4 20. Kf3 hxg3
21. hxg3 Bg7 22. Rh4 b5 23. Rdh1 Rhg8 24. Rh7 Nxd4+ 25. cxd4 Rh8 26. d5 Rxh7
27. Rxh7 Kf8 28. f5 e5 29. Rh2 Ke7 30. Rc2 Kd7 31. Rxc8 Kxc8 32. Nc2 Bh6 33.
Ke2 Bc1 34. b3 a5 35. a4 bxa4 36. bxa4 Kb7 37. Kd3 Kb6 38. Kc4 Bb2 39. Ne3 Bc1
40. Nd1 Ba3 1/2-1/2

[Event "4NCL"]
[Site "De Vere, Staverton Park, ENG"]
[Date "2010.11.06"]
[Round "1.40"]
[White "Talbot, Andrew R"]
[Black "Compton, Alistair"]
[Result "1/2-1/2"]
[WhiteElo "2139"]
[BlackElo "2045"]
[PlyCount "152"]
[EventDate "2010.??.??"]
[WhiteTeam "e2e4.org.uk 2"]
[BlackTeam "The Rookies"]

1. d4 e6 2. c4 d5 3. Nc3 c5 4. cxd5 exd5 5. Nf3 Nc6 6. g3 Nf6 7. Bg2 Be7 8. O-O
O-O 9. Bg5 c4 10. Ne5 Be6 11. e3 Rc8 12. f4 g6 13. a3 Nxe5 14. fxe5 Ng4 15.
Bxe7 Qxe7 16. Nxd5 Qg5 17. h4 Qh6 18. Rf4 Bxd5 19. Qxg4 Bxg2 20. Kxg2 c3 21.
bxc3 Rxc3 22. Re1 Rfc8 23. d5 Qg7 24. Rf6 R8c5 25. Qd7 Rc2+ 26. Kh3 Rc8 27.
Ref1 R2c7 28. Qa4 Rc4 29. Qd7 R4c7 30. Qg4 Rd8 31. d6 Rcd7 32. Qc4 h5 33. R1f4
a6 34. e6 fxe6 35. Qxe6+ Kh8 36. Rxg6 Rxd6 37. Qxd6 Rxd6 38. Rxd6 Qe5 39. Rdf6
Qd5 40. e4 Qd1 41. Kh2 Kg7 42. Rf7+ Kg8 43. R7f5 b5 44. e5 a5 45. e6 Qe2+ 46.
Rf2 Qxe6 47. Rxb5 Qe3 48. Rg5+ Kh7 49. Rxh5+ Kg7 50. Rg5+ Kh7 51. Rf7+ Kh8 52.
Rf6 Kh7 53. a4 Qd2+ 54. Kh3 Qd7+ 55. Rff5 Kh6 56. Kg2 Qd2+ 57. Rf2 Qb4 58. Rf6+
Kh7 59. Rf4 Qd2+ 60. Kh3 Qd7+ 61. Rgf5 Kh6 62. h5 Qe6 63. Kh4 Qe1 64. Rf6+ Kh7
65. Rf7+ Kh8 66. Kg4 Qe5 67. Kh4 Qa1 68. g4 Qe1+ 69. Kg5 Qe5+ 70. R4f5 Qe3+ 71.
Rf4 Qe5+ 72. Kh4 Qe1+ 73. Kh3 Qh1+ 74. Kg3 Qe1+ 75. Kf3 Qd1+ 76. Kg2 Qxg4+
1/2-1/2